| 000 | 00880cam a2200217 a 4500 | ||
|---|---|---|---|
| 001 | 245385 | ||
| 005 | 20250121202614.0 | ||
| 008 | 990622s1999 ne a b 000 0 eng | ||
| 020 | _a9041111468 (acidfree paper) | ||
| 041 | 1 | _aengfre | |
| 050 | 0 | 0 |
_aKJE6266 _b.E33 1999 |
| 245 | 0 | 0 |
_aEducation law and policy in an urban society : _byearbook of the European Association for Education Law and Policy / _cedited by Piet Akkermans, Jan de Groof and Hilde Penneman. |
| 260 |
_aThe Hague ; _aBoston : _bKluwer Law International, _cc1999. |
||
| 300 |
_axiv, 329 p. : _bill. ; _c25 cm. |
||
| 440 | 0 |
_aYearbook of the European Association for Education Law and Policy, _x1387-2664 ; _vv. 2 |
|
| 650 | 0 |
_aEducational law and legislation _zEuropean Union countries. |
|
| 700 | 1 |
_aAkkermans, P. W. C., _d1942- |
|
| 700 | 1 | _aGroof, Jan de. | |
| 700 | 1 | _aPenneman, Hilde. | |
| 942 |
_2lcc _cBK _n0 |
||
| 999 |
_c2754 _d2754 |
||